00365nam a2200133 a 4500008004100000020001500041050001600056100002100072245003900093246003100132260004500163300001400208350000900222120416s1981 ||||||||||||||||| || u a0538061014 aHG 4026 Nev aNeveu, Raymond P10aFundamentals of managerial finance astudy guide and supplement aNew YorkbSouth-Western Publishingc1981 avi, 141p. a0.00